000
00253nam a2200097Ia 4500
001
722948
005
20250826163321.0
008
250824s9999 xx 000 0 und d
245
0
_a
İÇİMDEKİ MÜZİK
_c
SHARON M. DRAPER
260
_b
GENÇ TİMAŞ YAYINLARI
999
_c
722948
_d
722948